World history of the dance, (Record no. 8121)
[ view plain ]
| 000 -LEADER | |
|---|---|
| fixed length control field | 00943cam a22003011a 4500 |
| 001 - CONTROL NUMBER | |
| JCCL Control Number | 8121 |
| 003 - CONTROL NUMBER IDENTIFIER | |
| JCCL marc code | BD-JhCC |
| 005 - DATE AND TIME OF LATEST TRANSACTION | |
| control field | 20180218192634.0 |
| 008 - FIXED-LENGTH DATA ELEMENTS--GENERAL INFORMATION | |
| fixed length control field | 771130s1937 nyuafg b 000 0 eng |
| 035 ## - SYSTEM CONTROL NUMBER | |
| system control number | (BD-JhCC)8121 |
| 035 ## - SYSTEM CONTROL NUMBER | |
| system control number | 891954 |
| 040 ## - CATALOGING SOURCE | |
| Original cataloging agency | LC |
| Transcribing agency | LC |
| Modifying agency | LC |
| -- | BD-JhCC |
| 041 1# - LANGUAGE CODE | |
| Language code of Book | engger |
| 050 00 - LIBRARY OF CONGRESS CALL NUMBER | |
| Classification number | GV1601 |
| Item number | .S27 |
| 082 00 - DEWEY DECIMAL CLASSIFICATION NUMBER | |
| Classification number | 793.309 |
| Author mark and Year | SAC 1937 |
| 100 1# - MAIN ENTRY--PERSONAL NAME | |
| Personal name | Sachs, Curt, |
| Dates associated with a name | 1881-1959. |
| 240 10 - UNIFORM TITLE | |
| Uniform title | Weltgeschichte des tanzes |
| 245 10 - TITLE STATEMENT | |
| Title | World history of the dance, |
| Statement of responsibility, etc | by Curt Sachs, translated by Bessie Schonberg. |
| 260 ## - PUBLICATION, DISTRIBUTION, ETC. (IMPRINT) | |
| Place of publication, distribution, etc | New York, |
| Name of publisher, distributor, etc | W. W. Norton & company, inc. |
| Date of publication, distribution, etc | [c1937] |
| 300 ## - PHYSICAL DESCRIPTION | |
| Pagination | xii, 469 p. |
| Other physical details | illus. (music) 32 pl. on 16 l. |
| Dimensions | 27 cm. |
| 500 ## - GENERAL NOTE | |
| General note | "Published in Germany under the title: 'Eine weltgeschichte des tanzes'." |
| 500 ## - GENERAL NOTE | |
| General note | "First edition." |
| 504 ## - BIBLIOGRAPHY, ETC. NOTE | |
| Bibliography, etc | "References": p. 451-456. |
| 650 #0 - SUBJECT ADDED ENTRY--TOPICAL TERM | |
| Topical term or geographic name as entry element | Dance |
| General subdivision | History. |
| 700 1# - ADDED ENTRY--PERSONAL NAME | |
| Personal name | Schonberg, Bessie, |
| 942 ## - ADDED ENTRY ELEMENTS (KOHA) | |
| Source of classification or shelving scheme | Dewey Decimal Classification |
| Koha item type | Books |
| Source of classification or shelving scheme | Damaged status | Not for loan | Home library | Current library | Shelving location | Total Checkouts | Full call number | Barcode | Date last seen | Copy number | Koha item type |
|---|---|---|---|---|---|---|---|---|---|---|---|
| Dewey Decimal Classification | JCC Rouf Library | JCC Rouf Library | General Stacks | 793.309 SAC 1937 | 10625 | 02/18/2018 | C - 1 | Books |